Wszyscy gospodarze Eurowizji - Statystyki

Ogólne statystyki
  • Ten quiz został rozwiązany 24 razy
  • Średni wynik to 55 z 69
Statystyki odpowiedzi
Państwo Miasto Rok % Poprawnych
Grecja Ateny 2006
100%
Irlandia Dublin 1971
100%
Irlandia Dublin 1981
100%
Irlandia Dublin 1988
100%
Irlandia Dublin 1994
100%
Irlandia Dublin 1995
100%
Irlandia Dublin 1997
100%
Finlandia Helsinki 2007
100%
Ukraina Kijów 2005
100%
Ukraina Kijów 2017
100%
Dania Kopenhaga 1964
100%
Dania Kopenhaga 2001
100%
Dania Kopenhaga 2014
100%
Wielka Brytania Londyn 1960
100%
Wielka Brytania Londyn 1963
100%
Wielka Brytania Londyn 1967
100%
Wielka brytania Londyn 1977
100%
Luksemburg Luksemburg 1962
100%
Luksemburg Luksemburg 1965
100%
Luksemburg Luksemburg 1973
100%
Luksemburg Luksemburg 1984
100%
Rosja Moskwa 2009
100%
Norwegia Oslo 1996
100%
Norwegia Oslo 2010
100%
Francja Paryż 1978
100%
Łotwa Ryga 2003
100%
Włochy Rzym 1991
100%
Austria Wiedeń 1966
100%
Austria Wiedeń 2015
100%
Jugosławia (Chorwacja) Zagrzeb 1990
100%
Holandia Amsterdam 1970
96%
Serbia Belgrad 2008
96%
Portugalia Lizbona 2018
96%
Szwecjia Sztokholm 1975
96%
Szwecja Sztokholm 2000
96%
Szwecja Sztokholm 2016
96%
Azerbejdżan Baku 2012
91%
Belgia Bruksela 1987
91%
Izrael Jerozolima 1979
91%
Izrael Jerozolima 1999
91%
Hiszpania Madryt 1968
91%
Włochy Neapol 1964
91%
Szwecja Malmö 1992
87%
Szwecja Malmö 2013
87%
Szwecja Malmö 2024
87%
Niemcy Monachium 1983
87%
Turcja Stambuł 2004
87%
Estonia Tallinn 2002
87%
Włochy Turyn 2022
87%
Wielka brytania Liverpool 2023
83%
Holandia Haga 1976
74%
Holandia Haga 1980
74%
Holandia Rotterdam 2021
70%
Wielka brytania Birmingham 1998
61%
Wielka Brytania Edynburg 1972
61%
Szwajcaria Bazylea 2025
57%
Norwegia Bergen 1986
43%
Niemcy Düsseldorf 2011
43%
Szwecja Göteborg 1985
43%
Szwajcaria Lozanna 1989
39%
Francja Cannes 1959
22%
Francja Cannes 1961
22%
Wielka Brytania Brighton 1974
17%
Szwajcaria Lugano 1956
17%
Wielka Brytania Harrogate 1982
13%
Niemcy Frankfurt nad Menem 1957
9%
Irlandia Millstreet 1993
9%
Izrael Tel Awiw-Jafa 2019
9%
Holandia Hilversum 1958
4%
Nie znaleziono quizów pasujących do podanych kryteriów
Rozkład punktacji
Procent ludzi z każdym wynikiem
Percentyl według liczby udzielonych odpowiedzi
Twoja historia wyników
Nie rozwiązałeś tego quizu